000 00543nam a2200205 a 4500
005 20140310183543.0
008 111003s19uu xx 00 eng d
020 _a9789810697570
050 _aHF 1009.5
_b.K4 2010
100 _aKeegan, Warren
245 _aGlobal marketing /
_cWarren Keegan and Mark Green.
250 _a5th ed.
260 _aSingapore :
_bPrentica Hall,
_c2010.
300 _a643 p. :
_c26 cm.
521 _aBSBA
650 _aGlobal marketing
700 _aGreen, Mark
942 _cBK
_2lcc
_kFOR
999 _c24829
_d24829